Bharatiya Itihaas Aani Sanskriti (Record no. 345550)

MARC details
000 -LEADER
fixed length control field 005560000a22002170004500
005 - DATE AND TIME OF LATEST TRANSACTION
control field 20120302054417.0
040 ## - CATALOGING SOURCE
Original cataloging agency MAR
245 ## - TITLE STATEMENT
Title Bharatiya Itihaas Aani Sanskriti
260 ## - PUBLICATION, DISTRIBUTION, ETC. (IMPRINT)
Place of publication, distribution, etc Mumbai:Achuta Ramchandra Taari,1987.
300 ## - PHYSICAL DESCRIPTION
Extent 66p.
365 ## - TRADE PRICE
Price amount 1/-
650 ## - SUBJECT ADDED ENTRY--TOPICAL TERM
Topical term or geographic name as entry element Sankirna
650 ## - SUBJECT ADDED ENTRY--TOPICAL TERM
Topical term or geographic name as entry element Trimaasik-Bhartiya Itihaas
650 ## - SUBJECT ADDED ENTRY--TOPICAL TERM
Topical term or geographic name as entry element Uttar-Shinde Raajwat
650 ## - SUBJECT ADDED ENTRY--TOPICAL TERM
Topical term or geographic name as entry element Maharashtra Swadeshi Chalwal
650 ## - SUBJECT ADDED ENTRY--TOPICAL TERM
Topical term or geographic name as entry element Sanskriti
650 ## - SUBJECT ADDED ENTRY--TOPICAL TERM
Topical term or geographic name as entry element Mahamad Paigambar
650 ## - SUBJECT ADDED ENTRY--TOPICAL TERM
Topical term or geographic name as entry element Karhada-Awashesha
650 ## - SUBJECT ADDED ENTRY--TOPICAL TERM
Topical term or geographic name as entry element Peshvekaalin Maharashtra
942 ## - ADDED ENTRY ELEMENTS (KOHA)
Koha item type Book
Holdings
Withdrawn status Lost status Damaged status Not for loan Home library Current library Date acquired Total Checkouts Barcode Date last seen Price effective from
        Institute For Oriental Study, Thane Institute For Oriental Study, Thane 12/02/2009   IOS-1259 12/02/2009 12/02/2009